| 000 | 00425nam a2200169Ia 4500 | ||
|---|---|---|---|
| 008 | 230524s9999 xx 000 0 und d | ||
| 020 | _a9788120325845 | ||
| 082 |
_a658 _bCAR |
||
| 100 | _aRobert L.Cardy | ||
| 245 | 0 | _a"Performance Management: Concepts,Skills & Exercises" | |
| 250 | _aIST | ||
| 260 |
_aNEW DELHI _bPHI _c2008 |
||
| 300 | _aX;134 | ||
| 500 | _aQuantity Number: 5 | ||
| 650 | _aManagement | ||
| 942 | _cBK | ||
| 999 |
_c45962 _d45962 |
||